Các yếu tố ảnh hưởng đến động lực làm việc của công chức tại văn phòng ủy ban nhân dân thành phố Hồ Chí Minh

Gespeichert in:
Bibliographische Detailangaben
1. Verfasser: Huỳnh, Thị Thu Sương
Format: Buch
Sprache:Undetermined
Schlagworte:
Online Zugang:http://lrc.tdmu.edu.vn/opac/search/detail.asp?aID=2&ID=37708
Tags: Tag hinzufügen
Keine Tags, Fügen Sie den ersten Tag hinzu!
Thư viện lưu trữ: Trung tâm Học liệu Trường Đại học Thủ Dầu Một
LEADER 00743nam a2200145Ia 4500
001 TDMU_37708
008 210410s9999 xx 000 0 und d
082 |a 618.9 
100 |a Huỳnh, Thị Thu Sương 
245 0 |a Các yếu tố ảnh hưởng đến động lực làm việc của công chức tại văn phòng ủy ban nhân dân thành phố Hồ Chí Minh 
245 0 |c Huỳnh Thị Thu Sương 
300 |a Tr.29-39 
650 |a Chính trị - Xã hội; Động lực làm việc; Công chức; Ủy ban nhân dân Tp. Hồ Chí Minh 
856 |u http://lrc.tdmu.edu.vn/opac/search/detail.asp?aID=2&ID=37708 
980 |a Trung tâm Học liệu Trường Đại học Thủ Dầu Một